00785nam a2200241 i 4500003000900000005001700009007000300026008004100029020001800070040003000088041000800118082002400126100005000150245005100200264005000251300002700301336002800328337003400356338003000390500007300420650002400493650002600517DO-SdBNP20260220124551.0ta221019b2012 dr ||||| |||| 00| 0 spa d a9789945455779 aDO-SdBNPbspacBNPHUerda aspa 4aRD861.44bB483o2221 aBeras Porrata, Miriamd1930-2009eautor4aut.10aOfrecer el corazón /cMirian Berras Porrata. 4aSanto Domingo :bEditorial Isla Negra,c2012. a79 páginas ;c22 cm. atextobtxt2rdacontent  asin mediación bn2rdamedia avolumen bnc2rdacarrier  aIncluye datos biográficos de la autora en la solapa de la cubierta 4aPoesía dominicana 4aLiteratura dominicana